| 000 | 01102cam a22003257a 4500 | ||
|---|---|---|---|
| 001 | 3579004 | ||
| 003 | ASAB | ||
| 005 | 20180827062721.0 | ||
| 007 | he|amb---bacp | ||
| 007 | he|bmb---baap | ||
| 008 | 990325s1998 ii b 000 0 eng | ||
| 010 | _a 99931426 | ||
| 020 | _a81-272-2511-8 | ||
| 025 | _aI-E-99-931426; 85-90; 85-21 | ||
| 037 | _bLibrary of Congress -- New Delhi Field Office | ||
| 040 |
_aDLC _cASAB _dDLC |
||
| 042 | _alcode | ||
| 043 | _aa-ii--- | ||
| 050 | 0 | 0 | _aMicrofiche 99/60059 (H) |
| 082 | _a631.7 LEN | ||
| 100 | 1 |
_aD. Lenka _d1949- _92445 |
|
| 245 | 1 | 0 | _acommercial crops |
| 260 |
_aShimla : _bAgro-Economic Research Centre, Himachal Pradesh University, _c1998. |
||
| 300 |
_a729 p. : _c29 cm. |
||
| 533 |
_aMicrofiche. _bNew Delhi : _cLibrary of Congress Office ; _bWashington, D.C. : _cLibrary of Congress Photoduplication Service, _d1999. _e2 microfiches. _nMaster microform held by: DLC. |
||
| 651 | 0 |
_aHimachal Pradesh (India) _xEconomic policy. _92446 |
|
| 906 |
_a7 _bcbc _corigode _d5 _encip _f19 _gy-genmicro |
||
| 942 |
_2ddc _cBK |
||
| 999 |
_c480375 _d480375 |
||